Who said these Quotes: rappers or poets? - Statistics

General Stats
  • This quiz has been taken 70 times
  • The average score is 4 of 5
Answer Stats
Question Answer % Correct
Reality is wrong. Dreams are for real. Rapper
79%
The truth is you don't know what is going to happen tomorrow. Life is a crazy ride, and nothing is guaranteed. Rapper
74%
There are no strangers here; Only friends you haven't yet met. Poet
68%
If you have the opportunity to play this game of life you need to appreciate every moment. A lot of people don't appreciate the moment until it's passed. Rapper
68%
Because things are the way they are, things will not stay the way they are. Poet
63%
No matching quizzes found
Score Distribution
Percent of People with Each Score
Percentile by Number Answered
Your Score History
You have not taken this quiz